Armed Forces Act 1972 (Act 77) : (Record no. 4549)

000 -LEADER
fixed length control field nam a22 a 4500
003 - CONTROL NUMBER IDENTIFIER
control field AKMAL
005 - DATE AND TIME OF LATEST TRANSACTION
control field 20170531143138.0
008 - FIXED-LENGTH DATA ELEMENTS--GENERAL INFORMATION
fixed length control field 1 s2007 my | e l 000 0 eng d
020 ## - INTERNATIONAL STANDARD BOOK NUMBER
International Standard Book Number 9789678918183 (pbk.)
040 ## - CATALOGING SOURCE
Transcribing agency AKMAL
082 04 - DEWEY DECIMAL CLASSIFICATION NUMBER
Classification number 343.595013 MAL
Edition number 22
090 00 - LOCALLY ASSIGNED LC-TYPE CALL NUMBER (OCLC); LOCAL CALL NUMBER (RLIN)
Classification number (OCLC) (R) ; Classification number, CALL (RLIN) (NR) 343.595013
Local cutter number (OCLC) ; Book number/undivided call number, CALL (RLIN) MAL
110 1# - MAIN ENTRY--CORPORATE NAME
Corporate name or jurisdiction name as entry element Malaysia
9 (RLIN) 400
240 10 - UNIFORM TITLE
Uniform title Akta Angkatan Tentera, 1972.
Language of a work English
245 10 - TITLE STATEMENT
Title Armed Forces Act 1972 (Act 77) :
Remainder of title as at 1st August 2007 /
Statement of responsibility, etc. compiled by Legal Research Board
260 ## - PUBLICATION, DISTRIBUTION, ETC.
Place of publication, distribution, etc. Petaling Jaya, Selangor :
Name of publisher, distributor, etc. International Law Book Services,
Date of publication, distribution, etc. 2007
300 ## - PHYSICAL DESCRIPTION
Extent 167p. ;
Dimensions 24cm.
440 #0 - SERIES STATEMENT/ADDED ENTRY--TITLE
Title Laws of Malaysia
9 (RLIN) 1830
650 10 - SUBJECT ADDED ENTRY--TOPICAL TERM
Topical term or geographic name entry element Military law
Geographic subdivision Malaysia
9 (RLIN) 3732
651 #0 - SUBJECT ADDED ENTRY--GEOGRAPHIC NAME
Geographic name Malaysia
General subdivision Armed Forces
9 (RLIN) 8776
710 2# - ADDED ENTRY--CORPORATE NAME
Corporate name or jurisdiction name as entry element Lembaga Penyelidikan Undang-Undang
9 (RLIN) 8777
942 ## - ADDED ENTRY ELEMENTS (KOHA)
Source of classification or shelving scheme
Koha item type Book
Holdings
Withdrawn status Lost status Source of classification or shelving scheme Damaged status Not for loan Collection code Home library Current library Shelving location Date acquired Inventory number Total Checkouts Full call number Barcode Date last seen Price effective from Koha item type
          NON-FICTION AKMAL Melaka AKMAL Melaka PINJAMAN 31.05.2017 306260   343.595013 MAL 201707190 31.05.2017 31.05.2017 Book
Pusat Sumber Maklumat Dato' Haji Sarmin Md Hussin, Akademi Kastam Diraja Malaysia, Melaka
Tel: 06-2331106 | Faks: 06-2313787